Online
Catalog

La sagrada biblia : (Record no. 45818)

MARC details
000 -CABECERA
campo de control de longitud fija 01170nam a2200229 a 4500
001 - NÚMERO DE CONTROL
campo de control 000046329
005 - FECHA Y HORA DE LA ÚLTIMA TRANSACCIÓN
campo de control 20201002052807.0
008 - DATOS DE LONGITUD FIJA--INFORMACIÓN GENERAL
campo de control de longitud fija 090723s1998 sp ac r 000 0 spa d
020 ## - NÚMERO INTERNACIONAL ESTÁNDAR DEL LIBRO
ISBN cancelado o inválido 8489140111
040 ## - FUENTE DE LA CATALOGACIÓN
Centro catalogador/agencia de origen DO-SdBNP
Lengua de catalogación spa
Centro/agencia transcriptor BNPHU
082 ## - NÚMERO DE LA CLASIFICACIÓN DECIMAL DEWEY
Número de clasificación xxxxx
Número de documento/Ítem xxx
245 13 - MENCIÓN DE TÍTULO
Título La sagrada biblia :
Resto del título texto de la edición impresa en 1884 traducida de la Vulgata Latina al español /
Mención de responsabilidad, etc. texto Félix Torres Amat; introducción y texto Nihil Obstat; ilustración Rosa María Escartín.
260 ## - PUBLICACIÓN, DISTRIBUCIÓN, ETC.
Lugar de publicación, distribución, etc. Barcelona :
Nombre del editor, distribuidor, etc. Nauta,
Fecha de publicación, distribución, etc. 1998.
300 ## - DESCRIPCIÓN FÍSICA
Extensión 16, 1324 p. :
Otras características físicas il., retrato ;
Dimensiones 25 cm.
500 ## - NOTA GENERAL
Nota general 32 ilustraciones a todo color y comentadas con numerosas citas de los textos sagrados.
500 ## - NOTA GENERAL
Nota general Incluye diccionario bíblico e índice de referencias.
500 ## - NOTA GENERAL
Nota general Incluye índice de los textos bíblicos.
500 ## - NOTA GENERAL
Nota general Aclarado el sentido de algunos lugares con la luz que dan los textos originales hebreo y griego, e ilustrada con varias notas sacadas de los Santos Padres y expositores sagrados por el Ilmo. Don Félix Torres Amat
700 12 - PUNTO DE ACCESO ADICIONAL--NOMBRE DE PERSONA
Nombre de persona Escartín, Rosa María
Término indicativo de función/relación il.
9 (RLIN) 74354
700 12 - PUNTO DE ACCESO ADICIONAL--NOMBRE DE PERSONA
Nombre de persona Torres Amat, Félix
Término indicativo de función/relación texto
9 (RLIN) 74355
700 12 - PUNTO DE ACCESO ADICIONAL--NOMBRE DE PERSONA
Nombre de persona Obstat, Nihil
Término indicativo de función/relación int.
9 (RLIN) 74356
Holdings
Estado de retiro Estado de pérdida Restricciones de uso No para préstamo Código de colección Localización permanente Ubicación/localización actual Ubicación en estantería Fecha de adquisición Número de inventario Total de préstamos Signatura topográfica completa Código de barras Fecha visto por última vez Precio válido a partir de Tipo de ítem Koha Número de copia
      Excluido de préstamo Monografías: Libros y Folletos General General Depósito 23.07.2015 LF1   xxxxx xxx 46329-10 25.06.2020 25.06.2020 No se presta  
      Excluido de préstamo Monografías: Libros y Folletos General General Depósito 23.07.2015 LF1   xxxxx xxx 46329-20 25.06.2020 25.06.2020 No se presta e. 2
        Monografías: Libros y Folletos General General Depósito 23.07.2015 LF1   xxxxx xxx 46329-30 25.06.2020 25.06.2020 Préstamo en sala e. 3

Powered by Koha